Countries that Start with C - Map Quiz - Statistics

General Stats
  • This quiz has been taken 3,372 times
  • The average score is 14 of 16
Answers on the Map
Answers color-coded by a green-red scale on the quiz's map according to % correct below.
 
Answer Stats
Answer % Correct
Canada
96%
Chile
95%
Colombia
93%
China
92%
Costa Rica
91%
Central African Republic
89%
Cuba
89%
Cambodia
88%
Croatia
88%
Cyprus
87%
Czech Republic
84%
Comoros
83%
Cape Verde
82%
Chad
81%
Côte d’Ivoire
81%
Cameroon
78%
No matching quizzes found
Score Distribution
Percent of People with Each Score
Percentile by Number Answered
Your Score History
You have not taken this quiz